| 000 | 00678nam a2200217 u 4500 | ||
|---|---|---|---|
| 005 | 20240228064315.0 | ||
| 008 | 171013s2007 r 000 0 eng d | ||
| 020 | _a1404271708 | ||
| 035 | _aUPN01000220946 | ||
| 049 | _aI | ||
| 050 | 4 |
_aPZ7 _bR5.2 |
|
| 100 | 1 |
_aRichter, Abigail _942040 |
|
| 245 | 1 | 0 |
_aCleta, la bicicleta / _cAbigail Richter ; tr. María Cristina Brusco. |
| 260 |
_aNew York : _bRosen Classroom Books & Materials, _cc2007. |
||
| 300 |
_a16 p. : _bil. col. |
||
| 440 | 0 |
_aLecturas del barrio. _pPerspectiva |
|
| 650 | 4 |
_aLibros y lectura para niños _92290 |
|
| 650 | 7 |
_aLibros ilustrados para niños _2 _921365 |
|
| 905 | _aInfantil | ||
| 999 |
_c193045 _d193045 |
||